Modern management control systems: Text and cases (Record no. 166055)

MARC details
000 -LEADER
fixed length control field 00402nam a2200145Ia 4500
008 - FIXED-LENGTH DATA ELEMENTS--GENERAL INFORMATION
fixed length control field 231217s9999 xx 000 0 und d
041 ## - LANGUAGE CODE
Language code of text/sound track or separate title English
082 ## - DEWEY DECIMAL CLASSIFICATION NUMBER
Classification number 658 MER
100 ## - MAIN ENTRY--PERSONAL NAME
Personal name Merchant, Kenneth A
245 #0 - TITLE STATEMENT
Title Modern management control systems: Text and cases
260 ## - PUBLICATION, DISTRIBUTION, ETC.
Date of publication, distribution, etc. 1998
Name of publisher, distributor, etc. New Jersey : Prentice-Hall,
300 ## - PHYSICAL DESCRIPTION
Extent xiii+851+I..
650 ## - SUBJECT ADDED ENTRY--TOPICAL TERM
Topical term or geographic name entry element Control systems,management
942 ## - ADDED ENTRY ELEMENTS (KOHA)
Koha item type Books
Holdings
Date last seen Total checkouts Full call number Accession number Cost, total (INR) price Price effective from Category Lost status Damaged status Department Withdrawn status Home library Current library Entry date Vendor Cost, normal purchase price Grants Billnumber Billdate Currency symbol Conversion rate Discount Old discount
26/01/2024   658 MER 12138 895.84 26/01/2024 Books     Central Library   Central Library Central Library 04/12/1998 Mega Books 23.95 MBA 5512 09/04/2001 RS 44 3.59 15

© For any Suggestions or Query, please contact the library staff @ librarian@pes.edu or Phone: +9180 2672 1983/ 2108.